Ingeniería metalurgica / (Registro nro. 13088)

Detalles MARC
000 -LIDER
fixed length control field 00633nam a22001937a 4500
003 - IDENTIFICACDOR DE NÚMERO DE CONTROL
control field DO-SdBNP
005 - DATE AND TIME OF LATEST TRANSACTION
control field 20171124124235.0
008 - ELEMENTOS DE LONGITUD FIJA
fixed length control field 171124b 1963sp||||| |||| 00| 0 spa d
040 ## - FUENTE DE CATALOGACIÓN
Agencia que crea de manera original el registro BPMSU
Idioma de catalogación spa
Agencia que realiza la transcripción BMPSU
100 1# - ASIENTO PRINCIPAL -- NOMBRE PERSONAL
Nombre personal Higgins, Raymond A.
245 1# - MENCIÓN DE TITULO
Título Ingeniería metalurgica /
Mención de responsabilidad Raymond A. Higgins.
260 ## - PUBLICACIÓN, DISTRIBUCIÓN, ETC. (PIE DE IMPRENTA)
Lugar de publicación, distribución, etc Barcelona:
Nombre del editor, distribuidor, etc. Compañia Editorial Continental
Fecha de publicación, distribución, etc 1963
300 ## - DESCRIPCIÓN FÍSICA
Extensión 2v. :
Otros detalles físicos il.:
Dimensiones 22 cm.
500 ## - NOTA GENERAL
Nota general La biblioteca posee el v.1
500 ## - NOTA GENERAL
Nota general Incluye referencias bibliográficas y notas al pie de las paginas
505 0# - NOTA DE CONTENIDO
Información miscelánea v.1
Título Matalurgica fisica aplicada
942 ## - ADDED ENTRY ELEMENTS (KOHA)
Source of classification or shelving scheme Dewey Decimal Classification
Koha item type Libros
945 ## - INFORMACIÓN DE PROCESAMIENTO LOCAL
Información de procesamiento local Inventariado, 2017/MFF
Existencias
Withdrawn status Lost status Source of classification or shelving scheme Damaged status Not for loan Collection code Home library Current library Date acquired Total Checkouts Barcode Date last seen Price effective from Koha item type
    Dewey Decimal Classification     Colección General Biblioteca Pública Metropolitana Salomé Ureña Biblioteca Pública Metropolitana Salomé Ureña 11/24/2017   BPMSU17110421 11/24/2017 11/24/2017 Libros